Tekst piosenki "Wszystko ma swój czas" - Statystyki

Ogólne statystyki
  • Ten quiz został rozwiązany 14 razy
  • Średni wynik to 20 z 28
Statystyki odpowiedzi
Tekst % Poprawnych
A gdy przyjdzie {mój} czas,
92%
A gdy przyjdzie {mój} czas,
92%
By się odbić od {dna}.
92%
Czekaj na jakiś {znak},
92%
Wszystko ma swój {czas}
92%
Gdy pokryje mnie {rdza},
85%
Gdy pokryje mnie {rdza},
85%
Pobiegniemy nad {staw}.
85%
Gdy nie {miałem} już sił,
77%
Gdy podałaś mi {rękę},
77%
I podniosłem {swój} cień,
77%
{Usiądź} przy mnie tuż tuż,
77%
Bym go {przeżyć} mógł znów.
69%
{Bym} tu czasem mógł wpaść.
69%
Gdybym kiedyś {odszedł} {stąd},
69%
I przychodzi {kres} {na} {kres},
69%
Narwij słów jak {żonkili}
69%
Bądź cierpliwa jak {papier},
62%
By przy {twoim} mógł stać.
62%
Musisz {wierzyć}, że znów,
62%
Nie {obrażaj} się na śmierć.
62%
Bym mógł z tobą być {sam}.
54%
Kiedy wciągał mnie {piach},
54%
Mów o {chwili} sprzed lat,
54%
I opowiedz nasz {film},
46%
Ja {wybłagam} wśród chmur,
46%
Mów o {drodze} we mgle,
46%
Usiądź blisko o {dłoń},
46%
Nie znaleziono quizów pasujących do podanych kryteriów
Rozkład punktacji
Procent ludzi z każdym wynikiem
Percentyl według liczby udzielonych odpowiedzi
Twoja historia wyników
Nie rozwiązałeś tego quizu